000 01208cab a2200229 4500
001 ABS68429
008 041125n2004 000 0 eng u
035 _a(Sirsi) u128133
100 _aThornton, A.
245 _aNo job for an amateur
260 _c2004
490 _aBuilding
_v269(8357) 12 November 2004 56-57(2)
520 _aDescribes how arbitrators have turned their Institute into a prestigious body that enforces high professional standards. Compares this with the reputation of adjudicators, where no training or qualification is required of a person appointed as an adjudicator by one of the growing number of self-selected nominating bodies. Argues that the development of a widely recognised qualification is needed, issued by one or more chartered bodies relating to adjudication.
590 _aABS
650 _aCHARTERED INSTITUTE OF ARBITRATORS
650 _aARBITRATORS
650 _aMANAGEMENT-DISPUTE AVOIDANCE, MANAGEMENT AND RESOLUTION-DISPUTE MANAGEMENT AND RESOLUTION-ALTERNATIVE DISPUTE RESOLUTION-ADJUDICATION
650 _aADJUDICATION SOCIETY
650 _aHOUSING GRANTS, CONSTRUCTION AND REGENERATION ACT 1996
690 _aDispute resolution
_96236
942 _n0
999 _c74631
_d74631